Obstetrics and Gynecology : (Record no. 16151)
[ view plain ]
| 000 -LEADER | |
|---|---|
| fixed length control field | 00765nam a22002057a 4500 |
| 008 - FIXED-LENGTH DATA ELEMENTS--GENERAL INFORMATION | |
| fixed length control field | 111023s2007 nyu|||||r|||| 001 0 eng d |
| 020 ## - INTERNATIONAL STANDARD BOOK NUMBER | |
| International Standard Book Number | 0071458204 |
| 020 ## - INTERNATIONAL STANDARD BOOK NUMBER | |
| International Standard Book Number | 9780071458207 |
| 082 ## - DEWEY DECIMAL CLASSIFICATION NUMBER | |
| Edition number | 22 |
| Classification number | 618 |
| Item number | AZZ |
| 100 ## - MAIN ENTRY--PERSONAL NAME | |
| 9 (RLIN) | 27567 |
| Personal name | Azziz, Ricardo |
| 245 ## - TITLE STATEMENT | |
| Title | Obstetrics and Gynecology : |
| Remainder of title | Cases, Questions, and Answers / |
| Statement of responsibility, etc | Ricardo Azziz |
| 260 ## - PUBLICATION, DISTRIBUTION, ETC. (IMPRINT) | |
| Place of publication, distribution, etc | New York : |
| Name of publisher, distributor, etc | McGraw-Hill, 2007 |
| Date of publication, distribution, etc | 2007 |
| 300 ## - PHYSICAL DESCRIPTION | |
| Extent | xiv, 290 p. : |
| Other physical details | ill. ; |
| Dimensions | 28cm. |
| 490 ## - Series Statement | |
| -- | 27569 |
| Series statement | McGraw-Hill Specialty Board Review |
| 504 ## - BIBLIOGRAPHY, ETC. NOTE | |
| Bibliography, etc | Includes bibliographical references and index |
| 650 ## - SUBJECT ADDED ENTRY--TOPICAL TERM | |
| 9 (RLIN) | 18823 |
| Topical term or geographic name as entry element | Gynecology. |
| 650 ## - SUBJECT ADDED ENTRY--TOPICAL TERM | |
| 9 (RLIN) | 27568 |
| Topical term or geographic name as entry element | Obstetrics |
| 942 ## - ADDED ENTRY ELEMENTS (KOHA) | |
| Source of classification or shelving scheme | Dewey Decimal Classification |
| Item type | Book - Borrowing |
| Withdrawn status | Item status | Source of classification or shelving scheme | Damaged status | Not for loan | Vendor | Home library | Current library | Shelving location | Date acquired | Source of acquisition | Cost, normal purchase price | Serial Enumeration / chronology | Total Checkouts | Total Renewals | Full call number | Barcode | Date last seen | Date last borrowed | Koha item type |
|---|---|---|---|---|---|---|---|---|---|---|---|---|---|---|---|---|---|---|---|
| Dewey Decimal Classification | Central Library | Central Library | First floor | 23/10/2011 | 267.00 | 354 | 6 | 27 | 618 AZZ | 000025466 | 15/07/2025 | 11/10/2022 | Book - Borrowing |